Movies Quiz

Random Movies Quiz

My Highest Grossing Film Quiz Stats

 Plays Quiz not verified by Sporcle

Support Sporcle.
Go Orange.
Score 0/50 Timer 07:00
0 Plays Today
Hint Answer % Correct
Will SmithIndependence Day
92%
Will SmithMen In Black
88%
Russell CroweGladiator
84%
Will SmithMen In Black 2
81.3%
Ben AffleckArgo
77.3%
Al PacinoThe Godfather
74.7%
Will SmithI Am Legend
70.7%
Al PacinoOceans 13
69.3%
Russell CroweA Beautiful Mind
69.3%
Edward NortonThe Incredible Hulk
68%
Will SmithHancock
66.7%
Kevin SpaceyAmerican Beauty
66.7%
Brad PittOceans 11
62.7%
Kevin SpaceySeven
62.7%
Adam SandlerBig Daddy
61.3%
Adam SandlerGrown Ups
60%
Ben AffleckDaredevil
58.7%
Brad PittWorld War Z
56%
Denzel WashingtonAmerican Gangster
53.3%
Adam SandlerThe Waterboy
53.3%
Russell CroweAmerican Gangster
53.3%
Ryan GoslingThe Notebook
53.3%
Brad PittTroy
49.3%
Ryan GoslingCrazy Stupid Love
45.3%
Denzel WashingtonThe Book of Eli
44%
Hint Answer % Correct
Brad PittThe Curious Case of Benjamin Button
44%
Adam SandlerClick
44%
Ben AffleckGone Girl
44%
Denzel WashingtonRemember The Titans
40%
Ryan GoslingRemember the Titans
40%
Russell CroweLes Miserables
38.7%
Ben AffleckPearl Harbor
37.3%
Kevin SpaceySuperman Returns
32%
Russell CroweMan of Steel
30.7%
Kevin SpaceyHorrible Bosses
30.7%
Edward NortonThe Italian Job
30.7%
Al PacinoJack and Jill
28%
Ryan GoslingGangster Squad
25.3%
Ryan GoslingThe Big Short
25.3%
Adam SandlerThe Longest Yard
24%
Denzel WashingtonThe Equalizer
22.7%
Denzel WashingtonSafe House
22.7%
Al PacinoAny Given Sunday
20%
Edward NortonThe Score
17.3%
Al PacinoDick Tracy
16%
Edward NortonThe Bourne Legacy
13.3%
Edward NortonRed Dragon
13.3%
Ben AffleckThe Sum of All Fears
12%
Kevin SpaceyA Time To Kill
10.7%
Brad PittMr.& Mrs.Smith
9.3%

You're not logged in!

Compare scores with friends on all Sporcle quizzes.
OR
Log In

From the Vault

Blue Logos

by minshkins

Who ever said feelin' blue was a bad thing?
Remove Ads.
Support Sporcle.
Get the best of Sporcle when you Go Orange. This ad-free experience offers more features, more stats, and more fun while also helping to support Sporcle. Thank you for becoming a member.

Show Comments

Extras

Created Jan 18, 2016ReportNominate
Tags:highest

Top Quizzes Today


Score Distribution

Your Account Isn't Verified!

In order to create a playlist on Sporcle, you need to verify the email address you used during registration. Go to your Sporcle Settings to finish the process.

Report this User

Report this user for behavior that violates our Community Guidelines.

Details: